000 02116nam a22002897a 4500
001 1498
005 20250530110133.0
020 _a9789996305467
040 _aFISKH
_beng
_cFISKH
_dFISKH
082 _a959.6042092
100 _aHedwige Multzer o'Naghten
245 _aព្រះបាទជ័យវរ្ម័នទី ៧ /
_cនិពន្ធដោយ Hedwige Multzer o'Naghten - រូបភាពដោយ ឃុន សុវណ្ណរិទ្ធ និង អ៊ុក រដ្ឋា
250 _aបោះពុម្ពលើកទី ៥ ធ្នូ ២០២២
260 _aPhnom Penh :
_bSipar,
_c2022.
300 _a44 pages :
_bmap ; color illustrations ;
_c20 cm
490 _aខ្ញុំចង់ដឹងជីវិតរបស់
505 _aZ'
520 _aក្នុងវ័យជា៥០ព្រះវស្សា ព្រះបាទជ័យវរ្ម័នទី​៧ បានកម្ចាត់ពួកចាមឈ្លានពានពីកុ្រងអង្គរ ហើយឡើងសោយរាជ្យដោយមានការគាំទ្រពីប្រជារាស្រ្ត និងនាម៉ឺនសព្វមុខមន្រ្តី។ ព្រះអង្គជាវីរក្សត្រមួយអង្គដែលបានបន្សល់ទុកទំព័ររុងរឿង ថ្កុំថ្កើងបំផុតនៃប្រវត្តសាស្ត្រខ្មែរ។
520 _aAt the age of 50, Jayavarman VII defeated the invading Chams from Angkor and ascended the throne with the support of the people and the nobles. He was one of the heroes who left the most glorious pages of Khmer history.
521 _a1000
_bLexile estimate
521 _aZ'
_bRaz-Plus
650 _aសោយរាជ្យ
_vរុងរឿង
_xគាំទ្រ
_yកម្ចាត់
650 _aAscended the throne
_vGlorious
_xSupport
_yDefeated
700 _aSovannrith, Khun
_cillustrator
700 _aRotha, Ouk
_cillustrator
942 _2ddc
_cBK
_n0
999 _c1498
_d1498